| 000 | 00799nam a2200265Ia 4500 | ||
|---|---|---|---|
| 001 | 3045 | ||
| 003 | GE_BSU | ||
| 008 | 181216s||||||||xx |||||||||||||| ||und|| | ||
| 020 | _a5862253033 | ||
| 040 | _cGE_BSU | ||
| 080 | _a336.02(075.8) | ||
| 100 | _aПушкарев, В. М. | ||
| 245 | _aИстория финансовой мысли и политики налогов | ||
| 245 | _bУчебное пособие. | ||
| 245 | _cРед. Л.В. Бобылева | ||
| 260 | _aМосква | ||
| 260 | _bИНФРА-М | ||
| 260 | _c1996 | ||
| 300 | _a192 ст.21 см. | ||
| 541 | _h5 Л. 20т. | ||
| 653 | _aИстория финансовой мысли и политики налогов | ||
| 653 | _aЭкономика | ||
| 653 | _aეკონომიკა | ||
| 942 | _cBK | ||
| 999 |
_c37089 _d37089 |
||